[Event "Guernsey Holiday"]
[Site "?"]
[Date "2008.10.22"]
[Round "4"]
[White "Brooker, CH.."]
[Black "Foran, Barry"]
[Result "1-0"]
[WhiteElo "1670"]
[BlackElo "1310"]
[PlyCount "89"]
[EventDate "2008.10.19"]

1. f4 c6 2. Nf3 d5 3. e3 Bg4 4. Be2 Nf6 5. b3 e6 6. Bb2 Nbd7 7. O-O Bd6 8. Qe1
Qb6 9. Kh1 Bxf3 10. Rxf3 O-O-O 11. Na3 e5 12. fxe5 Bxe5 13. Bxe5 Nxe5 14. Rf4
Ne4 15. d4 g5 16. Rf1 Ng6 17. Rxf7 Rdf8 18. Rxf8+ Rxf8 19. c4 Qd8 20. Bf3 Qe7
21. Nc2 Nh4 22. Bxe4 Qxe4 23. Qe2 dxc4 24. bxc4 h5 25. Kg1 g4 26. Rf1 Rxf1+ 27.
Kxf1 Nf5 28. c5 h4 29. Ke1 h3 30. gxh3 gxh3 31. Qf2 Kc7 32. Qf4+ Qxf4 33. exf4
b6 34. Ke2 b5 35. Kf3 Nh6 36. Kg3 a5 37. a3 Nf5+ 38. Kxh3 Kd7 39. Kg4 Ke6 40.
Kg5 b4 41. axb4 a4 42. h4 Nxd4 43. Nxd4+ Kd5 44. Nc2 Kc4 45. h5 1-0

[Event "Guernsey Holiday"]
[Site "?"]
[Date "2008.10.22"]
[Round "4"]
[White "Cox, Marian"]
[Black "Onwezen, Eric"]
[Result "1/2-1/2"]
[WhiteElo "1192"]
[BlackElo "1621"]
[PlyCount "101"]
[EventDate "2008.10.19"]

1. e4 e5 2. Nf3 Nc6 3. Bc4 Be7 4. c3 Nf6 5. d3 O-O 6. O-O d6 7. Be3 Bg4 8. Nbd2
Na5 9. Bb3 Nxb3 10. axb3 a6 11. Re1 d5 12. Bg5 dxe4 13. dxe4 c6 14. Qc2 Qc7 15.
h3 Be6 16. Nc4 Bxc4 17. bxc4 Rfd8 18. Bxf6 Bxf6 19. Red1 Qb6 20. g4 h6 21. Kg2
a5 22. h4 g6 23. Kg3 g5 24. h5 Be7 25. Kg2 f6 26. Ne1 Kf7 27. Nd3 Ke8 28. f3
Rd7 29. b4 Qe3 30. Rd2 Rad8 31. Rad1 axb4 32. cxb4 Bxb4 33. Re2 Qb6 34. c5 Qb5
35. Qb3 Ke7 36. Rb2 Rxd3 37. Rxd3 Rxd3 38. Qxb4 Qxb4 39. Rxb4 Rd7 40. Kf2 Kd8
41. Ke2 Kc7 42. Rb3 Rd8 43. Rd3 Rxd3 44. Kxd3 b5 45. Kc3 Kb7 46. Kb3 Kc7 47.
Kc3 Kd7 48. Kb3 Kc8 49. Ka3 Kb7 50. Kb3 Ka6 51. Kb4 1/2-1/2

[Event "Guernsey Holiday"]
[Site "?"]
[Date "2008.10.22"]
[Round "4"]
[White "Nalichowski, Bogdan"]
[Black "Grange, DA.."]
[Result "1-0"]
[WhiteElo "1537"]
[BlackElo "1400"]
[PlyCount "87"]
[EventDate "2008.10.19"]

1. e4 e5 2. f4 exf4 3. Bc4 d6 4. Nf3 h6 5. d4 g5 6. O-O Bg7 7. Nc3 Nf6 8. e5
dxe5 9. Nxe5 O-O 10. b3 Nbd7 11. Ba3 c5 12. Nxd7 Nxd7 13. Ne2 a6 14. c3 Qc7 15.
Re1 b5 16. Bd5 Rb8 17. Qd3 Bb7 18. Qf5 Bxd5 19. Qxd5 Rbc8 20. Rad1 Rfd8 21. Qf5
cxd4 22. cxd4 Nf6 23. h4 Rd5 24. Qd3 a5 25. b4 axb4 26. Bxb4 Rcd8 27. Rc1 Qb7
28. Rc2 Nd7 29. Qf3 Nb6 30. hxg5 hxg5 31. Kf1 Nc4 32. Kg1 Qd7 33. Bc5 Ne3 34.
Rc3 Nf5 35. Qh5 Ne3 36. Qf3 Qg4 37. Rxe3 Qd7 38. Re7 Qf5 39. Rb7 Re8 40. Kf1
Re3 41. Qh5 Rd8 42. d5 f3 43. Bxe3 fxe2+ 44. Kg1 1-0

[Event "Guernsey Holiday"]
[Site "?"]
[Date "2008.10.22"]
[Round "4"]
[White "Kirk, M.."]
[Black "Stoop, Michael"]
[Result "1-0"]
[WhiteElo "1494"]
[BlackElo "1080"]
[PlyCount "47"]
[EventDate "2008.10.19"]

1. d4 Nf6 2. c4 e6 3. Nc3 Bb4 4. a3 Bxc3+ 5. bxc3 b6 6. Nf3 Nc6 7. Bg5 O-O 8.
e4 Qe8 9. Bxf6 gxf6 10. Bd3 Na5 11. O-O c5 12. Nh4 Ba6 13. e5 fxe5 14. dxe5
Bxc4 15. Qg4+ Kh8 16. Bxc4 Rg8 17. Qf4 Qe7 18. Bd3 Rg7 19. Qf6 Qxf6 20. exf6
Rg4 21. g3 d5 22. Nf3 Re8 23. Ne5 Ra4 24. Bb5 1-0

[Event "Guernsey Holiday"]
[Site "?"]
[Date "2008.10.22"]
[Round "4"]
[White "Collins, Alan"]
[Black "Spicer, J.."]
[Result "1-0"]
[WhiteElo "1464"]
[BlackElo "1288"]
[PlyCount "83"]
[EventDate "2008.10.19"]

1. d4 d5 2. c4 e5 3. dxe5 d4 4. a3 Nc6 5. Nf3 Bg4 6. Nbd2 Nge7 7. g3 Qd7 8. Bg2
Bh3 9. O-O Bxg2 10. Kxg2 Ng6 11. Qb3 Rb8 12. Rd1 Qg4 13. Nf1 Ncxe5 14. Nxe5
Nxe5 15. Qb5+ Nc6 16. Bf4 Bd6 17. Bxd6 cxd6 18. Qd5 O-O 19. e3 dxe3 20. Nxe3
Qg6 21. Qf5 Ne5 22. Qxg6 fxg6 23. Rxd6 Rbc8 24. b3 Rf7 25. Rad1 Nc6 26. b4 a5
27. b5 Ne5 28. Rd8+ Rxd8 29. Rxd8+ Rf8 30. Rd4 Nf3 31. Rd7 b6 32. Rd6 Ne1+ 33.
Kf1 Nf3 34. h4 Rc8 35. Rxb6 Nd2+ 36. Ke2 Nxc4 37. Nxc4 Rxc4 38. Ra6 a4 39. Kd3
Rc5 40. b6 Rb5 41. Kc4 Rb2 42. Kc5 1-0

[Event "Guernsey Holiday"]
[Site "?"]
[Date "2008.10.22"]
[Round "4"]
[White "Cox, Reginald E"]
[Black "Le Messurier, R.."]
[Result "1/2-1/2"]
[WhiteElo "1088"]
[BlackElo "1210"]
[PlyCount "98"]
[EventDate "2008.10.19"]

1. Nf3 d5 2. d4 Nc6 3. e3 Nf6 4. Nc3 a6 5. Be2 Bg4 6. h3 Bxf3 7. Bxf3 e6 8. a3
Be7 9. O-O b5 10. b4 O-O 11. Re1 h6 12. e4 dxe4 13. Nxe4 Qxd4 14. Nxf6+ Bxf6
15. Qxd4 Bxd4 16. Rb1 Bc3 17. Rd1 Rad8 18. Bf4 Ne5 19. Bxe5 Bxe5 20. Bb7 Rd6
21. Rxd6 cxd6 22. Bxa6 Ra8 23. Bxb5 Rxa3 24. Be2 Rc3 25. Bd3 d5 26. b5 Rc8 27.
b6 Bb8 28. b7 Rc7 29. g3 e5 30. f3 d4 31. Kg2 g6 32. g4 Kg7 33. h4 Rc6 34. Be4
Rc7 35. Ra1 f5 36. gxf5 gxf5 37. Bxf5 Rxb7 38. Ra8 Kf6 39. Be4 Rg7+ 40. Kh2 Bd6
41. Rh8 Bb4 42. Rxh6+ Ke7 43. Rg6 Rxg6 44. Bxg6 Kf6 45. Be4 Bd2 46. Kh3 Bf4 47.
Kg4 Kg7 48. h5 Kh6 49. Bf5 Bg5 1/2-1/2

[Event "Guernsey Holiday"]
[Site "?"]
[Date "2008.10.22"]
[Round "4"]
[White "Herschmann, Heinz"]
[Black "Bennett, DW.."]
[Result "1/2-1/2"]
[WhiteElo "1320"]
[BlackElo "1136"]
[PlyCount "56"]
[EventDate "2008.10.19"]

1. e4 e6 2. d4 c5 3. Be3 Nf6 4. dxc5 Nxe4 5. Bd3 Nxc5 6. Nc3 d5 7. Nf3 Be7 8.
O-O O-O 9. a3 Nc6 10. Bxc5 Bxc5 11. Be2 Qf6 12. Rb1 a5 13. Na2 b6 14. c3 Bb7
15. Nc1 Rad8 16. Nb3 Qe7 17. Nxc5 Qxc5 18. Nd4 Ne5 19. Nf3 Ng6 20. Qd4 Qxd4 21.
Nxd4 Nf4 22. g3 Nxe2+ 23. Nxe2 Ba6 24. Rfe1 e5 25. Rbd1 Bc4 26. Nc1 f6 27. Rd2
Rf7 28. Red1 Rfd7 1/2-1/2

[Event "Guernsey Holiday"]
[Site "?"]
[Date "2008.10.23"]
[Round "5"]
[White "Haisma, Henk J"]
[Black "Norman, Dinah M"]
[Result "1-0"]
[WhiteElo "1732"]
[BlackElo "1656"]
[PlyCount "153"]
[EventDate "2008.10.19"]

1. b4 d5 2. Bb2 c6 3. e3 Nf6 4. a3 Bf5 5. d3 e6 6. Nd2 Nbd7 7. c4 a5 8. c5 axb4
9. axb4 Be7 10. Ngf3 h6 11. Be2 O-O 12. O-O Qc7 13. Qc2 Bh7 14. Ra4 b5 15. Raa1
Qb7 16. Qc3 Rxa1 17. Rxa1 Ra8 18. Nb3 Rxa1+ 19. Bxa1 Ne8 20. Na5 Qc8 21. Nd4
Nb8 22. Qa3 Bf6 23. Nab3 Qb7 24. Qa5 e5 25. Nf3 Nd7 26. Nfd2 Bg6 27. e4 dxe4
28. dxe4 Nc7 29. Bg4 Ne6 30. Bxe6 fxe6 31. f3 Kf7 32. Bc3 Ke8 33. Qa1 Kf7 34.
Nf1 Ke8 35. Ne3 Bh5 36. Na5 Qc7 37. Qd1 Be7 38. Qb3 Bf7 39. Qb2 Bh5 40. Nb3 Bf7
41. Be1 Bf6 42. Bg3 h5 43. Qa1 Qb7 44. Nc2 h4 45. Bf2 g5 46. h3 Bh5 47. Ne1 Kf7
48. Nd3 Kg6 49. Be1 Kf7 50. Bc3 Qc7 51. Qa6 Ke7 52. Na5 Nb8 53. Qb7 Qxb7 54.
Nxb7 Na6 55. Na5 Be8 56. Kf2 Bd7 57. Ke3 Be8 58. Kd2 Bd7 59. Kc2 Be8 60. Kb3
Nb8 61. Bxe5 Bxe5 62. Nxe5 Kf6 63. Ng4+ Ke7 64. e5 Bg6 65. Kc3 Kd7 66. Nb7 Ke7
67. Nd6 Nd7 68. Kd4 Nb8 69. Nf6 Na6 70. Kc3 Nc7 71. Nde4 Bxe4 72. fxe4 Kf7 73.
Ng4 Kg6 74. Ne3 Kf7 75. Nc2 Ke7 76. Nd4 Kd7 77. Nf3 1-0

[Event "Guernsey Holiday"]
[Site "?"]
[Date "2008.10.23"]
[Round "5"]
[White "Wood, PC.."]
[Black "Newell, David F"]
[Result "0-1"]
[WhiteElo "1664"]
[BlackElo "1632"]
[PlyCount "88"]
[EventDate "2008.10.19"]

1. d4 f5 2. c4 g6 3. Nf3 Bg7 4. g3 Nf6 5. Bg2 O-O 6. O-O d6 7. Nc3 Qe8 8. Qb3
Na6 9. Re1 c5 10. d5 Nc7 11. e4 Nxe4 12. Nxe4 fxe4 13. Rxe4 b5 14. Qe3 Bf6 15.
Qe2 Bf5 16. Bh6 Bxe4 17. Qxe4 Rf7 18. Ng5 Bxg5 19. Bxg5 bxc4 20. Qxc4 Qb5 21.
Qxb5 Nxb5 22. Re1 Kf8 23. Bh3 Nd4 24. Kg2 Rb8 25. Be6 Nxe6 26. dxe6 Rf5 27.
Bh6+ Ke8 28. Bg7 Rb4 29. Re3 Kd8 30. f3 d5 31. Ra3 Rb7 32. g4 Rf4 33. Ra5 Rc4
34. b3 Rc2+ 35. Kg3 d4 36. Kf4 Kc7 37. h4 Kb6 38. Ra4 Re2 39. Be5 Rxe5 40. Kxe5
d3 41. b4 c4 42. Ra5 c3 43. a4 a6 44. b5 Kxa5 0-1

[Event "Guernsey Holiday"]
[Site "?"]
[Date "2008.10.23"]
[Round "5"]
[White "Finch, J Russell"]
[Black "Gibson, John"]
[Result "0-1"]
[WhiteElo "1603"]
[BlackElo "1584"]
[PlyCount "80"]
[EventDate "2008.10.19"]

1. d4 e6 2. Nf3 f5 3. c4 Nf6 4. Nc3 Be7 5. g3 O-O 6. Bg2 d6 7. O-O a5 8. Qc2
Nc6 9. e4 Nb4 10. Qb1 Nh5 11. exf5 exf5 12. a3 Na6 13. Nd5 f4 14. Re1 Bf6 15.
Nxf4 Nxf4 16. Bxf4 g5 17. Be3 Bd7 18. Nd2 Rb8 19. Be4 h6 20. Kg2 c5 21. Bd5+
Kg7 22. dxc5 Nxc5 23. Bxc5 dxc5 24. Nf3 b5 25. Ne5 Bxe5 26. Rxe5 Qf6 27. Qe1
Rbe8 28. Re2 bxc4 29. Rxe8 Rxe8 30. Qxa5 Qd4 31. Qc3 Be6 32. Qxd4+ cxd4 33.
Bxe6 Rxe6 34. Kf1 Rb6 35. Rc1 Rxb2 36. Rxc4 d3 37. Ke1 Re2+ 38. Kf1 Ra2 39. Rc3
Ra1+ 40. Kg2 d2 0-1

[Event "Guernsey Holiday"]
[Site "?"]
[Date "2008.10.23"]
[Round "5"]
[White "Goman, Colin R"]
[Black "Beadle, JR.."]
[Result "1-0"]
[WhiteElo "1590"]
[BlackElo "1352"]
[PlyCount "61"]
[EventDate "2008.10.19"]

1. d4 Nf6 2. Nf3 g6 3. c3 Bg7 4. Nbd2 d5 5. e3 O-O 6. Qc2 Nbd7 7. Bd3 c5 8. O-O
c4 9. Be2 Qc7 10. e4 dxe4 11. Nxe4 Nxe4 12. Qxe4 Nf6 13. Qe5 Qxe5 14. Nxe5 b5
15. Bf3 Rb8 16. Nc6 Rb7 17. Re1 Be6 18. Nd8 Rb6 19. Nxe6 Rxe6 20. Rxe6 fxe6 21.
Bg5 h6 22. Bxf6 exf6 23. Re1 Kf7 24. Bc6 a6 25. Bb7 a5 26. Bc6 b4 27. d5 e5 28.
cxb4 axb4 29. Re4 c3 30. Rxb4 Rb8 31. bxc3 1-0

[Event "Guernsey Holiday"]
[Site "?"]
[Date "2008.10.23"]
[Round "5"]
[White "O'Connell, Denis"]
[Black "Van Hoek, Wim J"]
[Result "1/2-1/2"]
[WhiteElo "1586"]
[BlackElo "1751"]
[PlyCount "33"]
[EventDate "2008.10.19"]

1. e4 e5 2. d4 exd4 3. c3 Qe7 4. cxd4 Qxe4+ 5. Be3 Bb4+ 6. Nc3 Nf6 7. Nf3 O-O
8. Bd3 Qe7 9. O-O Bxc3 10. bxc3 d5 11. Qc2 Ne4 12. Rab1 b6 13. Rfe1 f5 14. Bf4
Nc6 15. Ne5 Nxe5 16. Bxe5 Qf7 17. f3 1/2-1/2

[Event "Guernsey Holiday"]
[Site "?"]
[Date "2008.10.23"]
[Round "5"]
[White "Hoogakker, Peter"]
[Black "Randall, David Charles"]
[Result "1-0"]
[WhiteElo "1736"]
[BlackElo "1576"]
[PlyCount "61"]
[EventDate "2008.10.19"]

1. e4 c5 2. Nf3 Nc6 3. c3 Nf6 4. e5 Nd5 5. Bc4 Nb6 6. Bb3 e6 7. O-O d5 8. d4
cxd4 9. cxd4 Be7 10. Nc3 a6 11. Qe2 Nd7 12. Be3 b5 13. Rac1 Na5 14. Bc2 Nc4 15.
Bd3 Nxe3 16. Qxe3 O-O 17. Nd2 Nb6 18. Qh3 g6 19. b3 b4 20. Nd1 Bb7 21. f4 Rc8
22. Ne3 Rxc1 23. Rxc1 f5 24. exf6 Rxf6 25. Nf3 Nd7 26. g3 Qb6 27. Ng4 Rf8 28.
Re1 e5 29. Nh6+ Kg7 30. Qxd7 Kxh6 31. Qxe7 1-0

[Event "Guernsey Holiday"]
[Site "?"]
[Date "2008.10.23"]
[Round "5"]
[White "Foster, P.."]
[Black "Kershaw, Graham J"]
[Result "0-1"]
[WhiteElo "1488"]
[BlackElo "1648"]
[PlyCount "24"]
[EventDate "2008.10.19"]

1. e4 e6 2. d4 d5 3. e5 c5 4. Bb5+ Bd7 5. Bxd7+ Nxd7 6. c3 Ne7 7. f4 Qb6 8. Nf3
cxd4 9. cxd4 Qb4+ 10. Qd2 Nc6 11. a3 Qc4 12. Qe2 Qxc1+ 0-1

[Event "Guernsey Holiday"]
[Site "?"]
[Date "2008.10.23"]
[Round "5"]
[White "Newrick, William R"]
[Black "Timmerman, Peter"]
[Result "1/2-1/2"]
[WhiteElo "1347"]
[BlackElo "1598"]
[PlyCount "97"]
[EventDate "2008.10.19"]

1. d4 Nf6 2. c4 e5 3. dxe5 Ne4 4. Nf3 Bb4+ 5. Bd2 Qe7 6. Qc2 Nxd2 7. Nbxd2 a5
8. a3 Bc5 9. Ne4 Ba7 10. e3 Nc6 11. Qc3 f6 12. Nd4 Nxd4 13. exd4 fxe5 14. dxe5
d6 15. O-O-O dxe5 16. Kb1 Bd4 17. Qc2 O-O 18. Bd3 Bf5 19. f3 Rab8 20. Nc3 g6
21. Nd5 Qc5 22. Bxf5 gxf5 23. b4 axb4 24. axb4 Qd6 25. Qb3 Kh8 26. Nc3 Qe6 27.
Nb5 c5 28. Rhe1 Qg6 29. Nxd4 exd4 30. bxc5 f4+ 31. Qd3 Qxd3+ 32. Rxd3 b5 33.
Rxd4 bxc4+ 34. Kc2 Rf5 35. Kc3 Rxc5 36. Rxc4 Rxc4+ 37. Kxc4 Rb2 38. Rg1 Kg7 39.
Kd4 Kf6 40. Ke4 Rb4+ 41. Kd3 Kf5 42. Kc3 Ra4 43. Kb3 Rd4 44. g4+ fxg3 45. Rxg3
h5 46. Kc3 Rh4 47. Rg2 Kf4 48. Kd3 Rh3 49. Ke2 1/2-1/2

[Event "Guernsey Holiday"]
[Site "?"]
[Date "2008.10.23"]
[Round "5"]
[White "Kearsley, Raymond J"]
[Black "Harnden, Terry W"]
[Result "1-0"]
[WhiteElo "1608"]
[BlackElo "1327"]
[PlyCount "88"]
[EventDate "2008.10.19"]

1. e4 c5 2. Nf3 g6 3. d4 cxd4 4. Qxd4 f6 5. Bc4 Nc6 6. Qc3 e6 7. O-O Bg7 8. Bf4
Nge7 9. Rd1 Qa5 10. Qb3 Qb4 11. Nc3 Qxb3 12. Bxb3 a6 13. a3 O-O 14. Bd6 Re8 15.
Rd2 Kh8 16. Na4 b5 17. Nb6 Ra7 18. Rad1 f5 19. e5 Rb7 20. Nxc8 Nxc8 21. c3 Nb6
{(=)} 22. Bc5 Bxe5 23. Bxb6 Rxb6 24. Rxd7 Bf6 25. R7d6 Kg7 26. Bxe6 Be7 27. Rd7
Kf6 28. Bb3 Na5 29. Ba2 Nc4 30. Bxc4 bxc4 31. Rc7 Rxb2 32. Rxc4 Rd8 33. Re1 Rb3
34. Rc6+ Rd6 35. Rc4 Rxa3 36. Nd4 Ra5 37. Nc6 Rad5 38. Nd4 Re5 {(=)} 39. Rb1
Kf7 40. g3 g5 41. Rb7 Kf6 42. Rcc7 Re1+ 43. Kg2 Rde6 44. Nxe6 Rxe6 1-0

[Event "Guernsey Holiday"]
[Site "?"]
[Date "2008.10.23"]
[Round "5"]
[White "Nalichowski, Bogdan"]
[Black "Viviani, Mario"]
[Result "0-1"]
[WhiteElo "1537"]
[BlackElo "1733"]
[PlyCount "64"]
[EventDate "2008.10.19"]

1. e4 c6 2. d4 g6 3. Nf3 Bg7 4. e5 d6 5. Bf4 dxe5 6. Nxe5 Be6 7. c3 Nf6 8. Nd2
O-O 9. Ndf3 Nh5 10. Qd2 f6 11. Nd3 Nxf4 12. Nxf4 Bf7 13. Bd3 Bh6 14. O-O-O c5
15. Kb1 Qd6 16. g3 e5 17. Rhg1 exf4 18. gxf4 Qd5 19. Rg3 Qxa2+ 20. Kc2 Bb3+ 21.
Kc1 Qa1+ 22. Bb1 Bxd1 23. Qxd1 Bxf4+ 24. Nd2 Bxg3 25. hxg3 cxd4 26. Ne4 Nd7 27.
Qxd4 Rad8 28. Qd6 Qa6 29. Qf4 Kg7 30. g4 Qf1+ 31. Kc2 Ne5 32. g5 Qd1# 0-1

[Event "Guernsey Holiday"]
[Site "?"]
[Date "2008.10.23"]
[Round "5"]
[White "Jongerius, Marc"]
[Black "Dokter, Marike"]
[Result "1-0"]
[WhiteElo "1658"]
[BlackElo "1539"]
[PlyCount "67"]
[EventDate "2008.10.19"]

1. e4 e5 2. Nf3 Nc6 3. Bc4 Bc5 4. c3 d6 5. O-O Nf6 6. d3 O-O 7. b4 Bb6 8. Bg5
h6 9. Bh4 Qe7 10. Nbd2 Nd8 11. d4 exd4 12. cxd4 Nc6 13. e5 dxe5 14. dxe5 Nxe5
15. Nxe5 Qxe5 16. Bg3 Qd4 17. Kh1 Bd7 18. Qc2 Rae8 19. Rad1 Qg4 20. f3 Qg5 21.
Rfe1 a5 22. Ne4 Bf5 23. Bd3 Bxe4 24. Bxe4 Nxe4 25. Rxe4 Rxe4 26. Qxe4 c6 27. a3
Rd8 28. Re1 axb4 29. axb4 h5 30. Bh4 Qd2 31. Bxd8 Qxd8 32. Qe8+ Qxe8 33. Rxe8+
Kh7 34. Rb8 1-0

[Event "Guernsey Holiday"]
[Site "?"]
[Date "2008.10.23"]
[Round "5"]
[White "Kirk, M.."]
[Black "Brooker, CH.."]
[Result "0-1"]
[WhiteElo "1494"]
[BlackElo "1670"]
[PlyCount "98"]
[EventDate "2008.10.19"]

1. d4 Nf6 2. c4 e6 3. Nc3 Bb4 4. a3 Bxc3+ 5. bxc3 b6 6. Bf4 Nc6 7. e3 O-O 8.
Bd3 Na5 9. Nf3 Ba6 10. Qe2 d5 11. cxd5 Bxd3 12. Qxd3 exd5 13. O-O Nc4 14. Nd2
Nxd2 15. Qxd2 Ne4 16. Qd3 c6 17. f3 Nf6 18. e4 dxe4 19. fxe4 c5 20. Bg5 Re8 21.
e5 Rxe5 22. Bxf6 gxf6 23. Rad1 cxd4 24. cxd4 Rg5 25. d5 Qd6 26. Rf5 Rd8 27. a4
Qc5+ 28. Kf1 Rd6 29. Rxg5+ fxg5 30. Qd4 Qxd4 31. Rxd4 f5 32. Ke2 Kf7 33. Kd3
Kf6 34. Kc4 Ke5 35. g3 f4 36. gxf4+ gxf4 37. Rd1 f3 38. Re1+ Kf4 39. Kd4 f2 40.
Re8 Rf6 41. Re4+ Kf3 42. Re3+ Kg2 43. Re2 Kg1 44. Rxf2 Rxf2 45. h4 Rf4+ 46. Ke5
Rxh4 47. d6 Rh2 48. Kd5 h5 49. Kc6 Rd2 0-1

[Event "Guernsey Holiday"]
[Site "?"]
[Date "2008.10.23"]
[Round "5"]
[White "Collins, Alan"]
[Black "Bakkes, Frits"]
[Result "0-1"]
[WhiteElo "1464"]
[BlackElo "1587"]
[PlyCount "89"]
[EventDate "2008.10.19"]

1. d4 Nf6 2. c4 g6 3. Nc3 Bg7 4. e4 d6 5. f3 O-O 6. Be3 e5 7. d5 Nh5 8. Nge2 f5
9. exf5 gxf5 10. Bf2 Nd7 11. Ng3 Nxg3 12. hxg3 e4 13. f4 c5 14. dxc6 bxc6 15.
Qxd6 Qa5 16. Bd4 Nf6 17. O-O-O Bb7 18. Qc5 Qxc5 19. Bxc5 Rfe8 20. Be2 a6 21.
Rd6 Rec8 22. Nd1 Rd8 23. Ne3 Rxd6 24. Bxd6 Bc8 25. c5 Be6 26. Bc4 Bxc4 27. Nxc4
Ng4 28. Rh5 Nh6 29. Ne3 Re8 30. b3 Bd4 31. Kd2 Bxe3+ 32. Kxe3 Kg7 33. Ke2 Kg6
34. Rg5+ Kf7 35. Rh5 Re6 36. Rg5 Rg6 37. Rxg6 hxg6 38. Be5 Ke6 39. a4 Ng4 40.
Bb2 Kd5 41. Ba3 Nf6 42. Bb2 Ng8 43. Ba3 Ne7 44. Bb4 Ke6 45. Ke3 0-1

[Event "Guernsey Holiday"]
[Site "?"]
[Date "2008.10.23"]
[Round "5"]
[White "Foran, Barry"]
[Black "Onwezen, Eric"]
[Result "0-1"]
[WhiteElo "1310"]
[BlackElo "1621"]
[PlyCount "58"]
[EventDate "2008.10.19"]

1. d4 d5 2. Nf3 f5 3. e3 e6 4. Nbd2 c6 5. Ne5 Nf6 6. Be2 Bd6 7. O-O Bxe5 8.
dxe5 Ne4 9. Bh5+ g6 10. Nxe4 fxe4 11. Bg4 O-O 12. b3 Bd7 13. Bb2 Na6 14. Be2
Nc7 15. c4 Ne8 16. Qd2 Ng7 17. Ba3 Rf7 18. f3 exf3 19. Rxf3 Rxf3 20. Bxf3 Qg5
21. cxd5 cxd5 22. Rc1 Bc6 23. Qc3 Nf5 24. Bc5 d4 25. Qc4 Qxe3+ 26. Kh1 Qxe5 27.
Bg4 Bd5 28. Qb4 Rc8 29. Bxf5 gxf5 0-1

[Event "Guernsey Holiday"]
[Site "?"]
[Date "2008.10.23"]
[Round "5"]
[White "Van Rooijen, Gerardus C"]
[Black "Carrick, Peter"]
[Result "1/2-1/2"]
[WhiteElo "1593"]
[BlackElo "1272"]
[PlyCount "74"]
[EventDate "2008.10.19"]

1. d4 d5 2. c4 e6 3. Nc3 Nf6 4. Bg5 c6 5. e3 Qa5 6. Bxf6 gxf6 7. cxd5 cxd5 8.
Bd3 e5 9. Qa4+ Qxa4 10. Nxa4 e4 11. Bb5+ Bd7 12. Bxd7+ Nxd7 13. Ne2 Bb4+ 14.
Nac3 Bxc3+ 15. Nxc3 Nb6 16. O-O O-O 17. Rac1 a6 18. b3 Rac8 19. Ne2 Rxc1 20.
Rxc1 Rc8 {(=)} 21. Rc5 Kf8 22. Nf4 Ke8 23. Rxc8+ Nxc8 24. Nxd5 f5 25. Nf6+ Ke7
26. Nd5+ Kd6 27. Nc3 Nb6 28. Kf1 Nd7 29. Ke2 b5 30. f3 Nf6 31. h3 h5 32. a3 Kc6
{(=)} 33. g3 Kd6 34. f4 Kc6 35. Kd2 Kd6 36. Ne2 Nd5 37. Nc3 Nf6 1/2-1/2

[Event "Guernsey Holiday"]
[Site "?"]
[Date "2008.10.23"]
[Round "5"]
[White "Le Messurier, R.."]
[Black "Bateman, Kerry D"]
[Result "1/2-1/2"]
[WhiteElo "1210"]
[BlackElo "1588"]
[PlyCount "61"]
[EventDate "2008.10.19"]

1. e4 c5 2. Bc4 d6 3. Nf3 Nf6 4. d3 Nc6 5. Ng5 e6 6. c3 a6 7. a4 g6 8. h3 Bg7
9. Bf4 O-O 10. Nd2 d5 11. exd5 exd5 12. Bb3 h6 13. Ngf3 Re8+ 14. Kf1 Be6 15. g3
Nh5 16. Kg2 g5 17. Be3 d4 18. cxd4 cxd4 19. Bxd4 Nxd4 20. Nxd4 Bxd4 21. Bxe6
Rxe6 22. Qxh5 Bxb2 23. Rae1 Qxd3 24. Rxe6 Qd5+ 25. Re4 f5 26. Qg6+ Kh8 27.
Qxh6+ Kg8 28. Qxg5+ Bg7 29. Nf3 Qxe4 30. Re1 Qc6 31. a5 1/2-1/2

[Event "Guernsey Holiday"]
[Site "?"]
[Date "2008.10.23"]
[Round "5"]
[White "O'Connor, J.."]
[Black "Cox, Marian"]
[Result "1-0"]
[WhiteElo "1580"]
[BlackElo "1192"]
[PlyCount "61"]
[EventDate "2008.10.19"]

1. e4 d5 2. exd5 Qxd5 3. Nc3 Qa5 4. d4 e5 5. dxe5 Qxe5+ 6. Qe2 Qxe2+ 7. Bxe2
Bb4 8. Bd2 Nf6 9. Rd1 Bf5 10. Nb5 Bxd2+ 11. Rxd2 Na6 12. Bf3 O-O 13. Bxb7 Rae8+
14. Ne2 Nb4 15. Nbd4 Be4 16. Bxe4 Nxe4 17. Rd1 c5 18. c3 Na6 19. Nc2 Re7 20.
O-O f5 21. Ng3 Nxg3 22. hxg3 g5 23. Rfe1 Rxe1+ 24. Rxe1 Kg7 25. Ne3 Kg6 26. Nd5
Kg7 27. Re5 Nb8 28. Ne3 f4 29. Rxg5+ Kh6 30. gxf4 Nd7 31. Ng4# 1-0

[Event "Guernsey Holiday"]
[Site "?"]
[Date "2008.10.23"]
[Round "5"]
[White "Grange, DA.."]
[Black "Bennett, DW.."]
[Result "1-0"]
[WhiteElo "1400"]
[BlackElo "1136"]
[PlyCount "59"]
[EventDate "2008.10.19"]

1. e4 e6 2. d4 c5 3. Nf3 cxd4 4. Nxd4 Bc5 5. c3 e5 6. Nf3 d6 7. Bc4 Bg4 8. Nbd2
Nf6 9. Qb3 Qe7 10. O-O O-O 11. Qc2 Nc6 12. Re1 a6 13. a3 Rad8 14. h3 Bxf3 15.
Nxf3 h6 16. Nh4 Qe8 17. Nf5 Kh7 18. Qe2 Ne7 19. Qf3 Ng6 20. Nxh6 d5 21. exd5 e4
22. Qf5 Qe5 23. Bg5 Qxf5 24. Nxf5 Rc8 25. Bb3 Rfe8 26. Bxf6 gxf6 27. d6 Red8
28. Rad1 Ne5 29. Rxe4 Kg6 30. Ne7+ 1-0

[Event "Guernsey Holiday"]
[Site "?"]
[Date "2008.10.23"]
[Round "5"]
[White "Le Maitre, Richard"]
[Black "Herschmann, Heinz"]
[Result "0-1"]
[WhiteElo "1229"]
[BlackElo "1320"]
[PlyCount "90"]
[EventDate "2008.10.19"]

1. Nf3 e6 2. g3 d5 3. d4 Be7 4. Bg2 Nf6 5. Nc3 O-O 6. O-O Nc6 7. Bf4 a6 8. Re1
Bd6 9. Bxd6 Qxd6 10. a3 Bd7 11. Rc1 Ne7 12. Qd3 Ng6 13. e3 h6 14. e4 dxe4 15.
Nxe4 Nxe4 16. Qxe4 Qd5 17. Qxd5 exd5 18. Ne5 Nxe5 19. Rxe5 c6 20. Re7 Rad8 21.
Rce1 Rfe8 22. Bf1 Kf8 23. R7e3 Rxe3 24. Rxe3 Re8 25. Re5 Rxe5 26. dxe5 Ke7 27.
f4 Bf5 28. c3 Ke6 29. Kf2 f6 30. exf6 gxf6 31. Ke3 Kd6 32. b4 c5 33. Bd3 Bd7
34. Be2 Bb5 35. Bxb5 axb5 36. g4 b6 37. h4 Ke6 38. h5 Kf7 39. f5 Ke7 40. Kf4
Kd6 41. Ke3 Ke5 42. Kf3 d4 43. cxd4+ cxd4 44. Ke2 Kf4 45. Kd3 Ke5 0-1

[Event "Guernsey Holiday"]
[Site "?"]
[Date "2008.10.23"]
[Round "5"]
[White "Stoop, Michael"]
[Black "Spicer, J.."]
[Result "0-1"]
[WhiteElo "1080"]
[BlackElo "1288"]
[PlyCount "41"]
[EventDate "2008.10.19"]

1. d4 d5 2. Nf3 Bf5 3. c4 e6 4. Qb3 b6 5. e3 Nf6 6. Nc3 Be7 7. cxd5 exd5 8. Ne5
O-O 9. Bd2 c5 10. dxc5 bxc5 11. Bb5 c4 12. Qa4 Qc7 13. f4 a5 14. O-O Na6 15. a3
Nc5 16. Qd1 Qd6 17. Nc6 Nd3 18. Nxe7+ Qxe7 19. b3 Rfc8 20. Qf3 Qe6 21. Bc6 0-1

[Event "Guernsey Holiday"]
[Site "?"]
[Date "2008.10.23"]
[Round "5"]
[White "Brown, Jim"]
[Black "Cox, Reginald E"]
[Result "1/2-1/2"]
[WhiteElo "1088"]
[BlackElo "1088"]
[PlyCount "72"]
[EventDate "2008.10.19"]

1. Nf3 Nf6 2. d4 d5 3. e3 Nc6 4. Be2 e6 5. Nbd2 Be7 6. O-O O-O 7. a3 h6 8. b3
a6 9. Bb2 Re8 10. Re1 Bd6 11. Ne5 Bxe5 12. dxe5 Nd7 13. Nf3 f6 14. exf6 Nxf6
15. Ne5 Nxe5 16. Bxe5 c6 17. f3 Rf8 18. Rf1 Bd7 19. Bd3 Be8 20. h3 b5 21. b4 a5
22. c3 a4 23. Bd4 Bf7 24. Be5 Nh5 25. Rc1 Qg5 26. f4 Qe7 27. Qe1 Qd8 28. g4 Nf6
29. Kh2 Ne4 30. Rd1 Bg6 31. Rc1 Ra7 32. Rc2 Raf7 33. Bxe4 Bxe4 34. Rcf2 Bd3 35.
Rg1 Be4 36. Rgf1 Bd3 1/2-1/2

[Event "Guernsey Holiday"]
[Site "?"]
[Date "2008.10.24"]
[Round "6"]
[White "Goman, Colin R"]
[Black "Haisma, Henk J"]
[Result "1/2-1/2"]
[WhiteElo "1590"]
[BlackElo "1732"]
[PlyCount "42"]
[EventDate "2008.10.19"]

1. d4 d5 2. Nf3 Nf6 3. c3 e6 4. Nbd2 c5 5. e3 a6 6. Qc2 cxd4 7. exd4 Bd6 8. Bd3
Qc7 9. Nf1 e5 10. dxe5 Bxe5 11. Qe2 Nbd7 12. Bf4 Ne4 13. Bxe5 Nxe5 14. Bxe4
dxe4 15. Qxe4 f6 16. Nxe5 fxe5 17. Ne3 O-O 18. Qc4+ Qxc4 19. Nxc4 Bg4 20. Ne3
Bd7 21. O-O Bc6 1/2-1/2